| 000 -LEADER |
| fixed length control field |
00581nam a2200217 a 4500 |
| 001 - CONTROL NUMBER |
| control field |
2865336 |
| 005 - DATE AND TIME OF LATEST TRANSACTION |
| control field |
20180109070843.0 |
| 008 - FIXED-LENGTH DATA ELEMENTS--GENERAL INFORMATION |
| fixed length control field |
850408s1985 ge a b 000 0 eng |
| 010 ## - LIBRARY OF CONGRESS CONTROL NUMBER |
| LC control number |
85140127 |
| 020 ## - INTERNATIONAL STANDARD BOOK NUMBER |
| International Standard Book Number |
0387151028 (U.S.) |
| 040 ## - CATALOGING SOURCE |
| Original cataloging agency |
DLC |
| Transcribing agency |
DLC |
| Modifying agency |
DLC |
| 041 ## - LANGUAGE CODE |
| Language code of text/sound track or separate title |
eng |
| 080 ## - UNIVERSAL DECIMAL CLASSIFICATION NUMBER |
| Universal Decimal Classification number |
005.1 QUI |
| 082 00 - DEWEY DECIMAL CLASSIFICATION NUMBER |
| Classification number |
005.1 QUI |
| Edition number |
19 |
| 100 ## - Rafti |
| Rafti |
28 |
| 101 ## - Shkurtesa |
| Shkurtesa |
SHK |
| 245 00 - TITLE STATEMENT |
| Title |
Verification and validation of real-time software / |
| Statement of responsibility, etc |
edited by W.J. Quirk. |
| 504 ## - BIBLIOGRAPHY, ETC. NOTE |
| Bibliography, etc |
Bibliography: p. [209]-231. |
| 906 ## - LOCAL DATA ELEMENT F, LDF (RLIN) |
| a |
7 |
| b |
cbc |
| c |
orignew |
| d |
3 |
| e |
ncip |
| f |
19 |
| g |
y-gencatlg |
| 942 ## - ADDED ENTRY ELEMENTS (KOHA) |
| Source of classification or shelving scheme |
|
| Item type |
Books |